Days of Creation Quiz Stats

 Plays Quiz Updated Oct 9, 2018

Score 0/7 Timer 02:00
1 Play Today
Day Work % Correct
6Man and Land animals
98.3%
3Earth, seas and Vegetation
96.4%
7Rest
86.8%
1Light
84%
2Heaven
70%
4Sun, Moon and stars
64.4%
5Birds and Sea life
60.9%

You're not logged in!

Compare scores with friends on all Sporcle quizzes.
OR
Log In

Sporcle TV

Today on Sporcle TV


Watch our educational content, quiz creation guides, and fun videos on Sporcle TV.

Show Comments

Extras

Top Quizzes Today


Score Distribution

Your Account Isn't Verified!

In order to create a playlist on Sporcle, you need to verify the email address you used during registration. Go to your Sporcle Settings to finish the process.

Report this User

Report this user for behavior that violates our Community Guidelines.

Details: